| 000 | 005330000a22001690004500 | ||
|---|---|---|---|
| 003 | MACL | ||
| 005 | 20160220164725.0 | ||
| 008 | 160220b xxu||||| |||| 00| 0 eng d | ||
| 040 |
_aMACL _cMACL |
||
| 041 | _aHindi | ||
| 082 | _a370 | ||
| 100 |
_aगांधी महात्मा _937030 |
||
| 245 | _aनीति-धर्म | ||
| 260 |
_bसस्ता साहित्य मण्डल प्रकाशन _c1953 _aनई दिल्ली |
||
| 650 |
_aEducation _939312 |
||
| 942 |
_cHIN _k370 _2ddc |
||
| 999 |
_c23189 _d23189 |
||